00425nam a22001697a 4500003000900000001000700009007000300016008003600019100001700055700001200072942000700084040003300091245009800124955000600222650000800228999001900236UA-OsUOA 5321 ta20050721b un ||||| |||| 00| 0 ukr d aТурчак aО. М. cBK aUA-OsUOAcUA-OsUOAdUA-OsUOA aВплив норман. фр. мови на склад англ. мови у .....bBA Paper a2 72UDC c291483d291483